000 00627nam a2200181Ia 4500
008 100917s9999 xx 000 0 und d
082 _b35042
100 _aकोगेकर ना. वा.
245 _aबहुरंगी विज्ञान (भाग 2 रा)
260 _bअनिरूध्द साहित्य
_c1978
300 _a78
365 _b5
520 _aसृ. प. वि.
630 _aबहुरंगी विज्ञान (भाग 2 रा)
650 _aसृ. प. वि.
730 _aबहुरंगी विज्ञान (भाग 2 रा)
942 _cBOOK
999 _c640436
_d640433